[Event "Europa ch s-16"]
[Site "Herceg Novi MNE"]
[Date "2008.09.16"]
[Round "2.5"]
[White "Vardanian, Haik G"]
[Black "Bregadze, Levan"]
[Result "1-0"]
[WhiteElo "2177"]
[BlackElo "2399"]
[PlyCount "143"]
[EventDate "2008.09.15"]
[EventType "swiss"]
[EventRounds "9"]
[Source "lmi"]
[SourceDate "2008.09.15"]

1. e4 c5 2. Nf3 d6 3. d4 cxd4 4. Nxd4 Nf6 5. Nc3 Nc6 6. Bg5 e6 7. Qd2 Qb6 8.
Bxf6 gxf6 9. Nb3 Bd7 10. O-O-O O-O-O 11. Kb1 Kb8 12. f4 Rg8 13. g3 Na5 14. Qe2
Nxb3 15. axb3 Qc5 16. Bh3 Rc8 17. Rhf1 Be7 18. f5 Rg5 19. Rf4 Qa5 20. Rh4 Rg7
21. Rg4 Rxg4 22. Qxg4 Qd8 23. Ne2 Qc7 24. Rd2 Qc5 25. Nf4 Rc6 26. c3 Qe3 27.
Qe2 Qxe2 28. Rxe2 e5 29. Nd5 Bd8 30. Rd2 Rc5 31. Bf1 a5 32. Ne3 Be7 33. Bc4 Be8
34. Kc2 b5 35. Bd5 Rc7 36. Kd3 b4 37. Rd1 bxc3 38. bxc3 Ra7 39. Ra1 Bd8 40. Kd2
Bb5 41. Nc4 Bxc4 42. Bxc4 Bb6 43. Kd3 Rc7 44. b4 Ra7 45. Bd5 h6 46. Kc4 Rc7+
47. Kb5 Ka7 48. Bc6 Rc8 49. bxa5 Bc5 50. a6 Rc7 51. Ra2 Rc8 52. Rg2 Be3 53. Re2
Bc5 54. g4 Rg8 55. h3 Rc8 56. h4 Bb6 57. Rd2 Bc5 58. Bb7 Rc7 59. Rg2 Be3 60.
Bc6 Rc8 61. Rg3 Bf2 62. Rd3 Bc5 63. Rh3 Bf2 64. g5 fxg5 65. hxg5 hxg5 66. Rh7
Rb8+ 67. Bb7 g4 68. Rxf7 g3 69. Rg7 d5 70. f6 dxe4 71. f7 Rf8 72. Rg8 1-0

[Event "Europa ch s-16"]
[Site "Herceg Novi MNE"]
[Date "2008.09.16"]
[Round "2.6"]
[White "Alonso Rosell, Alvar"]
[Black "Kaforos, Dimitrios-Alkis"]
[Result "1-0"]
[WhiteElo "2393"]
[BlackElo "2173"]
[PlyCount "77"]
[EventDate "2008.09.15"]
[EventType "swiss"]
[EventRounds "9"]
[Source "lmi"]
[SourceDate "2008.09.15"]

1. d4 Nf6 2. c4 c5 3. d5 e6 4. Nc3 exd5 5. cxd5 d6 6. e4 g6 7. h3 Bg7 8. Nf3
O-O 9. Bd3 b5 10. O-O a6 11. a3 Nbd7 12. Bf4 Qe7 13. Re1 Nh5 14. Bh2 Ne5 15.
Be2 Nxf3+ 16. Bxf3 Be5 17. Bxh5 Bxh2+ 18. Kxh2 Qe5+ 19. g3 Qxh5 20. Qxh5 gxh5
21. e5 Bf5 22. exd6 Rad8 23. Re5 Bg6 24. f4 f6 25. Re6 Bf5 26. Rd1 Rd7 27. g4
hxg4 28. hxg4 Bxg4 29. Rg1 f5 30. a4 b4 31. Nd1 Rfd8 32. Ne3 Rg7 33. Re1 Kf8
34. Rf6+ Kg8 35. Nc4 Bf3 36. Rxf5 Rg2+ 37. Kh3 Rc2 38. Rg5+ Kh8 39. d7 1-0

[Event "Europa ch s-16"]
[Site "Herceg Novi MNE"]
[Date "2008.09.16"]
[Round "2.7"]
[White "Khachykian, Shant"]
[Black "Grandelius, Nils"]
[Result "0-1"]
[WhiteElo "2173"]
[BlackElo "2366"]
[PlyCount "146"]
[EventDate "2008.09.15"]
[EventType "swiss"]
[EventRounds "9"]
[Source "lmi"]
[SourceDate "2008.09.15"]

1. c4 Nf6 2. Nf3 g6 3. g3 Bg7 4. Bg2 c6 5. d4 O-O 6. O-O d5 7. cxd5 cxd5 8. Ne5
e6 9. Nc3 Nfd7 10. f4 Nc6 11. Be3 f6 12. Nd3 f5 13. Ne5 Nb6 14. Bf2 Bd7 15. e3
Qe7 16. Nd3 Rfc8 17. Nc5 Be8 18. Rc1 Bf7 19. Nd3 Nc4 20. b3 Nd6 21. Qd2 Rc7 22.
Rc2 Ne4 23. Nxe4 dxe4 24. Ne5 Nxe5 25. fxe5 Rac8 26. Rfc1 Bf8 27. Rxc7 Rxc7 28.
Rc2 Be8 29. Rxc7 Qxc7 30. Be1 Bb5 31. Bf1 Bxf1 32. Kxf1 Kf7 33. Qc3 Qxc3 34.
Bxc3 Ke8 35. Bb2 Bb4 36. Ke2 Kd7 37. Kd1 Kc6 38. Ke2 Kd5 39. Kd1 Bf8 40. Ke2 g5
41. Bc1 Bh6 42. Bd2 f4 43. gxf4 gxf4 44. exf4 Kxd4 45. Be3+ Kd5 46. h3 a6 47.
Kd2 Bf8 48. Ke2 Bb4 49. Kd1 Bc5 50. Ke2 Bxe3 51. Kxe3 a5 52. a3 b5 53. Kd2 Kd4
54. Ke2 h6 55. Kd1 a4 56. bxa4 bxa4 57. Ke2 h5 58. Kd1 e3 59. f5 Kxe5 60. fxe6
Kxe6 61. Ke2 Kd5 62. Kxe3 Kc4 63. Kf4 Kb3 64. Kg5 Kxa3 65. Kxh5 Kb4 66. Kh6 a3
67. Kh7 a2 68. h4 a1=Q 69. h5 Qa7+ 70. Kg6 Qb6+ 71. Kg7 Qc7+ 72. Kg6 Qd8 73.
Kh7 Qg5 0-1

[Event "Europa ch s-16"]
[Site "Herceg Novi MNE"]
[Date "2008.09.16"]
[Round "2.8"]
[White "Petrisor, Adrian-Marian"]
[Black "Kanarek, Marcel"]
[Result "0-1"]
[WhiteElo "2168"]
[BlackElo "2349"]
[PlyCount "68"]
[EventDate "2008.09.15"]
[EventType "swiss"]
[EventRounds "9"]
[Source "lmi"]
[SourceDate "2008.09.15"]

1. e4 c5 2. Nf3 d6 3. d4 Nf6 4. Nc3 cxd4 5. Nxd4 g6 6. Be3 Bg7 7. f3 a6 8. Qd2
Nbd7 9. g4 Ne5 10. O-O-O b5 11. g5 Nh5 12. Kb1 Bb7 13. Qf2 Rc8 14. Nce2 Nc4 15.
Bc1 Qb6 16. Qg1 Qc5 17. Bh3 Rc7 18. Bg4 d5 19. Bxh5 dxe4 20. Bg4 exf3 21. Ng3
O-O 22. c3 f2 23. Qxf2 e5 24. Rhe1 exd4 25. cxd4 Qb4 26. Ka1 Na3 27. Bd2 Nc2+
28. Kb1 Na3+ 29. Ka1 Qa4 30. Bf4 Rc2 31. Qf1 Bd5 32. Rd3 Nc4 33. Bd1 Nxb2 34.
a3 Qc4 0-1

[Event "Europa ch s-16"]
[Site "Herceg Novi MNE"]
[Date "2008.09.16"]
[Round "2.9"]
[White "Sivuk, Vitaly"]
[Black "Nijs, Nils"]
[Result "1-0"]
[WhiteElo "2324"]
[BlackElo "2150"]
[PlyCount "119"]
[EventDate "2008.09.15"]
[EventType "swiss"]
[EventRounds "9"]
[Source "lmi"]
[SourceDate "2008.09.15"]

1. e4 c5 2. Nc3 Nc6 3. Bb5 Nd4 4. Bc4 a6 5. Nf3 b5 6. Bd5 Rb8 7. Nxd4 cxd4 8.
Ne2 Nf6 9. Nxd4 e6 10. Bb3 Nxe4 11. O-O Bb7 12. d3 Nc5 13. Qg4 Be7 14. Qxg7 Bf6
15. Qg4 h5 16. Qf4 Rg8 17. f3 d6 18. Qe3 Be5 19. Qf2 Qf6 20. Be3 Kd7 21. Ne2
Nxb3 22. axb3 Bxb2 23. Ra2 Rbc8 24. c4 b4 25. Ra4 Bc3 26. Bd4 Qf5 27. Bxc3 bxc3
28. Nxc3 Qxd3 29. Rb4 Rc7 30. Na4 Qf5 31. Rb6 Ke7 32. Kh1 Qg5 33. Rd1 Rd8 34.
Qd4 e5 35. Qf2 Qf4 36. Nc3 Kf8 37. Rbxd6 Rxd6 38. Rxd6 Qc1+ 39. Nd1 Ke7 40. Rd3
Qb1 41. Qd2 Bc8 42. Qg5+ f6 43. Qg7+ Ke6 44. Qxc7 Qxd3 45. Qxc8+ Kf7 46. Qb7+
Kf8 47. Qb4+ Kg7 48. Qe1 Qxb3 49. c5 Qd5 50. Qg1 a5 51. Ne3 Qc6 52. Nf5+ Kf7
53. Qc1 Ke6 54. Ne3 a4 55. Qc4+ Kd7 56. Nc2 Kc8 57. h4 f5 58. Nb4 Qd7 59. Nd5
Kb7 60. Qb4+ 1-0

[Event "Europa ch s-16"]
[Site "Herceg Novi MNE"]
[Date "2008.09.16"]
[Round "2.10"]
[White "Kuchynka, Lukas"]
[Black "Sieciechowicz, Marcin"]
[Result "0-1"]
[WhiteElo "2150"]
[BlackElo "2311"]
[PlyCount "134"]
[EventDate "2008.09.15"]
[EventType "swiss"]
[EventRounds "9"]
[Source "lmi"]
[SourceDate "2008.09.15"]

1. e4 c5 2. Nf3 d6 3. d4 cxd4 4. Nxd4 Nf6 5. Nc3 a6 6. Bg5 e6 7. f4 Qc7 8. Bxf6
gxf6 9. Qd2 Nc6 10. O-O-O Bd7 11. Kb1 O-O-O 12. f5 h5 13. Bc4 Nxd4 14. Qxd4 Be7
15. Rhf1 Rhg8 16. g3 h4 17. Qd3 hxg3 18. hxg3 Rg4 19. Bb3 Rdg8 20. fxe6 fxe6
21. Ne2 Kb8 22. Rf4 R4g5 23. Rf3 Re5 24. Nd4 Rh8 25. Rf4 Qc8 26. a3 Reh5 27.
Rf3 Rg5 28. Qe2 Re5 29. Rc3 Qe8 30. Nf3 Rc5 31. Qd2 Qc8 32. Rxc5 Qxc5 33. Nd4
Qe5 34. Qf4 Rh5 35. Nf3 Qxf4 36. gxf4 Bc6 37. Re1 f5 38. Nd2 Rh2 39. Nf1 Rh1
40. exf5 exf5 41. Rc1 Rh4 42. Ng3 Rxf4 43. Be6 Be4 44. Nxe4 fxe4 45. Re1 Bh4
46. Re2 Bf2 47. c4 Bc5 48. Kc2 e3 49. Kd3 Kc7 50. Bd5 b5 51. b3 a5 52. a4 b4
53. Be4 Kd7 54. Rh2 Rf1 55. Rh7+ Ke8 56. Rh2 Rb1 57. Kc2 Ra1 58. Kd3 Kf7 59.
Bf3 Kf6 60. Rh8 Rc1 61. Ra8 Rc3+ 62. Ke2 Rxb3 63. Rxa5 Rb2+ 64. Kd1 Ke5 65. Ra8
Kd4 66. a5 Kd3 67. Kc1 Rf2 0-1

[Event "Europa ch s-16"]
[Site "Herceg Novi MNE"]
[Date "2008.09.16"]
[Round "2.11"]
[White "Yaksin, Oleg"]
[Black "Biryukov, Alexander"]
[Result "0-1"]
[WhiteElo "2307"]
[BlackElo "2138"]
[PlyCount "50"]
[EventDate "2008.09.15"]
[EventType "swiss"]
[EventRounds "9"]
[Source "lmi"]
[SourceDate "2008.09.15"]

1. d4 d5 2. c4 e6 3. Nf3 Nf6 4. g3 dxc4 5. Bg2 Nc6 6. Qa4 Bb4+ 7. Bd2 Nd5 8.
Bxb4 Ndxb4 9. a3 b5 10. Qxb5 Nc2+ 11. Kd2 Nxa1 12. Qxc6+ Bd7 13. Qxc4 c5 14.
Qa2 Rc8 15. Qxa1 cxd4 16. b4 O-O 17. Qxd4 Qc7 18. Qb2 Rfd8 19. Ke3 e5 20. Nxe5
Re8 21. f4 f6 22. Bd5+ Kh8 23. Rf1 fxe5 24. f5 Qb6+ 25. Kd2 Ba4 0-1

[Event "Europa ch s-16"]
[Site "Herceg Novi MNE"]
[Date "2008.09.16"]
[Round "2.12"]
[White "Tamazyan, Haik"]
[Black "Gretarsson, Hjorvar Steinn"]
[Result "0-1"]
[WhiteElo "2139"]
[BlackElo "2299"]
[PlyCount "64"]
[EventDate "2008.09.15"]
[EventType "swiss"]
[EventRounds "9"]
[Source "lmi"]
[SourceDate "2008.09.15"]

1. e4 c5 2. Nf3 e6 3. Nc3 Nc6 4. Bb5 Nge7 5. O-O a6 6. Bxc6 Nxc6 7. Re1 d6 8.
d4 cxd4 9. Nxd4 Qc7 10. Bg5 h6 11. Bh4 g5 12. Bg3 Ne5 13. a4 Bd7 14. f3 Bg7 15.
Bf2 Rc8 16. Nce2 O-O 17. b3 Rfd8 18. Qd2 Ng6 19. c4 d5 20. Bg3 e5 21. Nc2 dxc4
22. bxc4 Bxa4 23. Ncd4 Be8 24. Qb4 Bf8 25. Qb3 Bc5 26. Rad1 Qb6 27. Qc3 Rxd4
28. Nxd4 Bxd4+ 29. Rxd4 Qxd4+ 30. Qxd4 exd4 31. Rd1 Rxc4 32. Bf2 Nf4 0-1

[Event "Europa ch s-16"]
[Site "Herceg Novi MNE"]
[Date "2008.09.16"]
[Round "2.13"]
[White "Valsecchi, Alessio"]
[Black "Schreiner, Peter"]
[Result "1-0"]
[WhiteElo "2298"]
[BlackElo "2137"]
[PlyCount "105"]
[EventDate "2008.09.15"]
[EventType "swiss"]
[EventRounds "9"]
[Source "lmi"]
[SourceDate "2008.09.15"]

1. e4 c5 2. Nf3 d6 3. d4 cxd4 4. Nxd4 Nf6 5. Nc3 g6 6. Be3 Bg7 7. f3 O-O 8. Qd2
Nc6 9. Bc4 Bd7 10. O-O-O Rc8 11. Bb3 Nxd4 12. Bxd4 b5 13. h4 a5 14. h5 a4 15.
Bxf6 exf6 16. Bd5 b4 17. hxg6 hxg6 18. Ne2 f5 19. Nd4 fxe4 20. fxe4 Bg4 21.
Rdf1 Qb6 22. Qf4 Rc7 23. Nc6 Be2 24. Rf2 Bb5 25. Qg3 Qxf2 26. Ne7+ Rxe7 27.
Qxf2 Rc7 28. Rh3 Bc4 29. Qb6 Rfc8 30. Bb7 b3 31. axb3 Bxb3 32. Bxc8 Rxc2+ 33.
Kd1 Rxc8+ 34. Rxb3 axb3 35. Qxb3 Re8 36. Qb7 Bxb2 37. Qxb2 Rxe4 38. Qb8+ Kg7
39. Qxd6 Re6 40. Qd5 Kg8 41. Kd2 Kg7 42. Kc3 Kg8 43. g4 Kg7 44. g5 Kg8 45. Kd4
Re8 46. Qc6 Re6 47. Qc8+ Kg7 48. Kd5 Re3 49. Qc1 Re8 50. Kd6 Kg8 51. Kd7 Re6
52. Qc8+ Kg7 53. Qc4 1-0

[Event "Europa ch s-16"]
[Site "Herceg Novi MNE"]
[Date "2008.09.16"]
[Round "2.14"]
[White "Lyaskovsky, Viktor"]
[Black "Mordechai, Hanan"]
[Result "1-0"]
[WhiteElo "2289"]
[BlackElo "2072"]
[PlyCount "37"]
[EventDate "2008.09.15"]
[EventType "swiss"]
[EventRounds "9"]
[Source "lmi"]
[SourceDate "2008.09.15"]

1. e4 c5 2. Nf3 d6 3. d4 cxd4 4. Nxd4 Nf6 5. Nc3 g6 6. Be3 Bg7 7. f3 O-O 8. Qd2
Nc6 9. Bc4 Bd7 10. O-O-O Rb8 11. Bb3 Na5 12. g4 b5 13. Bh6 Bxh6 14. Qxh6 Kh8
15. h4 Nc4 16. h5 Ng8 17. Qg5 f6 18. hxg6 Rf7 19. Qh5 1-0

[Event "Europa ch s-16"]
[Site "Herceg Novi MNE"]
[Date "2008.09.16"]
[Round "2.15"]
[White "Kowalczyk, Pawel"]
[Black "Petenyi, Tamas"]
[Result "1-0"]
[WhiteElo "2138"]
[BlackElo "2289"]
[PlyCount "55"]
[EventDate "2008.09.15"]
[EventType "swiss"]
[EventRounds "9"]
[Source "lmi"]
[SourceDate "2008.09.15"]

1. d4 Nf6 2. e3 d5 3. Bd3 c6 4. f4 Bg4 5. Nf3 e6 6. h3 Bf5 7. O-O Nbd7 8. Nc3
Bb4 9. g4 Bxd3 10. cxd3 O-O 11. Ne2 c5 12. a3 Ba5 13. dxc5 Bc7 14. b4 e5 15.
fxe5 Nxe5 16. Nxe5 Bxe5 17. d4 Bb8 18. Nc3 h5 19. gxh5 Qc7 20. Ra2 Qg3+ 21. Rg2
Qh4 22. Qf3 Nxh5 23. Nxd5 Ng3 24. Rff2 Qxh3 25. Ne7+ Kh7 26. Rh2 Ne2+ 27. Qxe2
Bxh2+ 28. Rxh2 1-0

[Event "Europa ch s-16"]
[Site "Herceg Novi MNE"]
[Date "2008.09.16"]
[Round "2.16"]
[White "Klein, David"]
[Black "Lorand, Norbert"]
[Result "0-1"]
[WhiteElo "2135"]
[BlackElo "2273"]
[PlyCount "72"]
[EventDate "2008.09.15"]
[EventType "swiss"]
[EventRounds "9"]
[Source "lmi"]
[SourceDate "2008.09.15"]

1. e4 c5 2. Nf3 Nf6 3. Nc3 d5 4. exd5 Nxd5 5. Bb5+ Bd7 6. Ne5 Bxb5 7. Qf3 f6 8.
Nxb5 Na6 9. Nc4 Qd7 10. a4 e6 11. O-O Be7 12. d3 Nab4 13. c3 Nc6 14. Qg3 O-O
15. Bh6 Bd8 16. Rfe1 Kh8 17. Be3 Be7 18. a5 e5 19. Red1 Rad8 20. Nba3 f5 21.
Bg5 f4 22. Qh4 Bxg5 23. Qxg5 f3 24. Nxe5 Nxe5 25. Qxe5 Nf4 26. Nc2 Qg4 27. g3
Qh3 28. Ne3 Rfe8 29. Qg5 Qg2+ 30. Nxg2 Nh3+ 31. Kf1 fxg2+ 32. Kxg2 Nxg5 33. f4
Nf7 34. Kf3 Kg8 35. Ra4 Nd6 36. b4 Nb5 0-1

[Event "Europa ch s-16"]
[Site "Herceg Novi MNE"]
[Date "2008.09.16"]
[Round "2.17"]
[White "Aggelis, Nikolaos"]
[Black "Holvason, Juri"]
[Result "0-1"]
[WhiteElo "2271"]
[BlackElo "2041"]
[PlyCount "54"]
[EventDate "2008.09.15"]
[EventType "swiss"]
[EventRounds "9"]
[Source "lmi"]
[SourceDate "2008.09.15"]

1. Nf3 Nf6 2. g3 g6 3. Bg2 Bg7 4. O-O O-O 5. d4 d6 6. Re1 Nc6 7. d5 Nb4 8. e4
e6 9. c4 a5 10. Nc3 e5 11. a3 Na6 12. b4 Nh5 13. Be3 f5 14. b5 Nb8 15. b6 f4
16. bxc7 Qxc7 17. Nb5 Qe7 18. Bb6 Nd7 19. Bc7 Ra6 20. Qd2 Nc5 21. Qc3 a4 22.
Rab1 g5 23. Nd2 g4 24. Qb4 Nd3 25. Bxd6 Qf6 26. Qc3 fxg3 27. Re2 Nhf4 0-1

[Event "Europa ch s-16"]
[Site "Herceg Novi MNE"]
[Date "2008.09.16"]
[Round "2.18"]
[White "Ketzetzis, Georgios"]
[Black "Galopoulos, Nikolaos"]
[Result "1-0"]
[WhiteElo "2099"]
[BlackElo "2270"]
[PlyCount "53"]
[EventDate "2008.09.15"]
[EventType "swiss"]
[EventRounds "9"]
[Source "lmi"]
[SourceDate "2008.09.15"]

1. e4 c5 2. Nf3 d6 3. d4 cxd4 4. Nxd4 Nf6 5. Nc3 a6 6. Bc4 e6 7. Bb3 b5 8. Bg5
Be7 9. Qf3 Qb6 10. O-O-O Bb7 11. Bxe6 fxe6 12. Nxe6 Kf7 13. Rhe1 Qa5 14. Nxg7
Kxg7 15. Bxf6+ Bxf6 16. Qg4+ Kf7 17. Rxd6 Be7 18. Qf5+ Ke8 19. Qh5+ Kf8 20.
Qf5+ Ke8 21. e5 Qc7 22. Qh5+ Kf8 23. Rd4 Nd7 24. e6 Ne5 25. Rxe5 Bf6 26. e7+
Bxe7 27. Rf4+ 1-0

[Event "Europa ch s-16"]
[Site "Herceg Novi MNE"]
[Date "2008.09.16"]
[Round "2.19"]
[White "Manelyuk, Nikita"]
[Black "Pavlidis, Antonios"]
[Result "1/2-1/2"]
[WhiteElo "2071"]
[BlackElo "2266"]
[PlyCount "42"]
[EventDate "2008.09.15"]
[EventType "swiss"]
[EventRounds "9"]
[Source "lmi"]
[SourceDate "2008.09.15"]

1. Nf3 Nf6 2. b3 g6 3. Bb2 Bg7 4. e3 O-O 5. Be2 d6 6. d4 Nbd7 7. O-O e5 8. dxe5
Ng4 9. Qc1 Ngxe5 10. Nbd2 Qe7 11. Rd1 Rd8 12. h3 Nc5 13. Nxe5 dxe5 14. Ba3 Bf5
15. e4 Be6 16. Nc4 Rd4 17. Qe3 Qf8 18. Nxe5 Rxe4 19. Qxe4 Nxe4 20. Bxf8 Bxe5
21. Bb4 a5 1/2-1/2

[Event "Europa ch s-16"]
[Site "Herceg Novi MNE"]
[Date "2008.09.16"]
[Round "2.20"]
[White "Sinitsin, Roman"]
[Black "De Schampheleire, Glen"]
[Result "1/2-1/2"]
[WhiteElo "2258"]
[BlackElo "1969"]
[PlyCount "71"]
[EventDate "2008.09.15"]
[EventType "swiss"]
[EventRounds "9"]
[Source "lmi"]
[SourceDate "2008.09.15"]

1. d4 Nf6 2. c4 e6 3. Nf3 b6 4. g3 Ba6 5. b3 Bb4+ 6. Bd2 Be7 7. Bg2 c6 8. O-O
d5 9. Ne5 Nfd7 10. Bf4 O-O 11. Nxd7 Nxd7 12. Nd2 Bf6 13. cxd5 cxd5 14. Nf3 Qe7
15. Qd2 Qa3 16. Rac1 Rfc8 17. h4 Be7 18. Ne5 Bb4 19. Qe3 Nxe5 20. Bxe5 Rxc1 21.
Rxc1 Qxa2 22. Qg5 Bf8 23. e4 dxe4 24. Bxe4 h6 25. Qh5 Rc8 26. Rxc8 Bxc8 27. Qf3
Qa1+ 28. Kg2 Ba6 29. Qf4 Qd1 30. Bh7+ Kxh7 31. Qxf7 Qf1+ 32. Kh2 Bb7 33. Qxb7
Qxf2+ 34. Kh3 Qf1+ 35. Kh2 Qf2+ 36. Kh3 1/2-1/2

[Event "Europa ch s-16"]
[Site "Herceg Novi MNE"]
[Date "2008.09.16"]
[Round "2.21"]
[White "Balokas, Dimitrios"]
[Black "Janczarski, Michal"]
[Result "1/2-1/2"]
[WhiteElo "1779"]
[BlackElo "2238"]
[PlyCount "108"]
[EventDate "2008.09.15"]
[EventType "swiss"]
[EventRounds "9"]
[Source "lmi"]
[SourceDate "2008.09.15"]

1. Nf3 d5 2. d4 c6 3. c4 e6 4. Nc3 dxc4 5. e4 b5 6. a4 Bb4 7. axb5 cxb5 8. Bd2
Bxc3 9. Bxc3 Nf6 10. Ba5 Qe7 11. e5 Nd5 12. b3 Nc6 13. bxc4 bxc4 14. Bxc4 Nxa5
15. Bxd5 exd5 16. Qa4+ Bd7 17. Qxa5 O-O 18. O-O Be6 19. Qa3 Qd7 20. Nd2 Rfc8
21. Nb3 Rc4 22. Nc5 Qe7 23. Qd3 g6 24. Nxe6 fxe6 25. Rfc1 Rac8 26. Rxc4 Rxc4
27. g3 Qb7 28. Rb1 Qc7 29. Qb3 a5 30. Qb8+ Qxb8 31. Rxb8+ Kf7 32. Rb7+ Kf8 33.
Rb8+ Ke7 34. Rb7+ Ke8 35. Rxh7 Rxd4 36. Rg7 Re4 37. f4 Re2 38. Ra7 Ra2 39. Ra6
Kd7 40. Ra7+ Ke8 41. Ra8+ Kf7 42. Ra7+ Kf8 43. Ra8+ Kg7 44. Ra7+ Kf8 45. Ra8+
Ke7 46. Ra7+ Kd8 47. Ra8+ Kc7 48. Ra7+ Kb8 49. Ra6 a4 50. Rxe6 a3 51. Ra6 d4
52. e6 Kc7 53. Ra7+ Kd8 54. g4 Ra1+ 1/2-1/2

[Event "Europa ch s-16"]
[Site "Herceg Novi MNE"]
[Date "2008.09.16"]
[Round "2.23"]
[White "Arslanov, Shamil"]
[Black "Skrinjar, Matic"]
[Result "1-0"]
[WhiteElo "2228"]
[BlackElo "1867"]
[PlyCount "73"]
[EventDate "2008.09.15"]
[EventType "swiss"]
[EventRounds "9"]
[Source "lmi"]
[SourceDate "2008.09.15"]

1. e4 e5 2. Nf3 Nc6 3. Bb5 a6 4. Bxc6 dxc6 5. O-O Bg4 6. h3 h5 7. d3 Qf6 8. Be3
Bxf3 9. Qxf3 Qxf3 10. gxf3 Bd6 11. Nd2 Ne7 12. Rfb1 c5 13. a3 a5 14. b4 cxb4
15. axb4 Nc6 16. b5 Ne7 17. Nc4 Ng6 18. Nxa5 b6 19. Nc4 Ke7 20. Kf1 f6 21. Ke2
Nh4 22. c3 g5 23. d4 Ng6 24. Nb2 Rhg8 25. Nd3 h4 26. d5 Rgb8 27. c4 Nf8 28. Ra6
Rxa6 29. bxa6 Ra8 30. c5 bxc5 31. Nxc5 Nd7 32. Nxd7 Kxd7 33. a7 c5 34. Rb7+ Kc8
35. Rf7 Kd8 36. Rh7 Kc8 37. Kd3 1-0

[Event "Europa ch s-16"]
[Site "Herceg Novi MNE"]
[Date "2008.09.16"]
[Round "2.25"]
[White "Yilmaz, Mustafa"]
[Black "Jefic, Srdjan"]
[Result "1-0"]
[WhiteElo "2362"]
[BlackElo "2095"]
[PlyCount "89"]
[EventDate "2008.09.15"]
[EventType "swiss"]
[EventRounds "9"]
[Source "lmi"]
[SourceDate "2008.09.15"]

1. e4 c6 2. Nf3 d5 3. Nc3 Bg4 4. h3 Bh5 5. exd5 cxd5 6. Bb5+ Nc6 7. g4 Bg6 8.
Ne5 Rc8 9. h4 f6 10. Nxg6 hxg6 11. d4 e6 12. Qd3 Kf7 13. Bxc6 Rxc6 14. Bd2 Bb4
15. O-O-O Ne7 16. Ne2 Bxd2+ 17. Qxd2 Qd6 18. Kb1 b5 19. Nf4 Rhc8 20. Rc1 b4 21.
Rhe1 Qc7 22. Qe3 Qb6 23. Re2 Qa5 24. Rce1 Ra6 25. Qb3 Rcc6 26. Nd3 Rab6 27. Nc5
Qb5 28. f4 Rd6 29. Qh3 Rbc6 30. h5 Qb8 31. Rh1 Rd8 32. Qe3 Re8 33. Nxe6 gxh5
34. f5 hxg4 35. Nxg7 Nxf5 36. Qxe8+ Qxe8 37. Nxe8 Nxd4 38. Rh7+ Kg6 39. Rg7+
Kf5 40. Rd2 Ne6 41. Rxd5+ Kf4 42. Rf7 Ng5 43. Rxf6+ Rxf6 44. Nxf6 g3 45. Nh5+
1-0

[Event "Europa ch s-16"]
[Site "Herceg Novi MNE"]
[Date "2008.09.16"]
[Round "2.26"]
[White "Kamali, Mehran"]
[Black "Strunski, Andreas"]
[Result "1-0"]
[WhiteElo "2035"]
[BlackElo "2294"]
[PlyCount "57"]
[EventDate "2008.09.15"]
[EventType "swiss"]
[EventRounds "9"]
[Source "lmi"]
[SourceDate "2008.09.15"]

1. e4 c5 2. Nf3 e6 3. d4 cxd4 4. Nxd4 a6 5. Nc3 Qc7 6. Bd3 Nc6 7. Be3 Nf6 8.
O-O Nxd4 9. Bxd4 Bc5 10. Bxc5 Qxc5 11. Kh1 d6 12. f4 h5 13. Qd2 h4 14. Rae1 Nh5
15. Rf2 Bd7 16. e5 Bc6 17. Ne4 Ng3+ 18. Kg1 Nxe4 19. Bxe4 O-O-O 20. Bxc6 Qxc6
21. Qd4 dxe5 22. Qa7 e4 23. Re3 Qd5 24. Rc3+ Kd7 25. Rb3 Kc7 26. Rd2 Qxd2 27.
Rxb7+ Kd6 28. Qxa6+ Kd5 29. Rb5+ 1-0

[Event "Europa ch s-16"]
[Site "Herceg Novi MNE"]
[Date "2008.09.16"]
[Round "2.27"]
[White "Sen, Subin"]
[Black "Baron, Tal"]
[Result "0-1"]
[WhiteElo "2050"]
[BlackElo "2285"]
[PlyCount "78"]
[EventDate "2008.09.15"]
[EventType "swiss"]
[EventRounds "9"]
[Source "lmi"]
[SourceDate "2008.09.15"]

1. Nf3 Nf6 2. c4 g6 3. Nc3 d5 4. cxd5 Nxd5 5. Qa4+ Bd7 6. Qh4 Nxc3 7. dxc3 Nc6
8. e4 e5 9. Bg5 Be7 10. Bc4 h5 11. Bxe7 Qxe7 12. O-O-O f6 13. Qg3 g5 14. h4 g4
15. Nd2 O-O-O 16. Nf1 Na5 17. Bb3 Be6 18. Rxd8+ Rxd8 19. Nd2 Rd6 20. Qe3 Qd7
21. Bxe6 Qxe6 22. b3 b6 23. Rd1 Qd7 24. Kc2 Nb7 25. Qe2 Nc5 26. g3 f5 27. Re1
f4 28. Nc4 Re6 29. Rd1 Qh7 30. Re1 a5 31. a3 Qd7 32. Rd1 f3 33. Qe3 Qb5 34. Nd2
Rd6 35. c4 Qd7 36. Re1 Rd3 37. Qg5 Kb7 38. Nb1 Qd4 39. Re3 Rxe3 0-1

[Event "Europa ch s-16"]
[Site "Herceg Novi MNE"]
[Date "2008.09.16"]
[Round "2.30"]
[White "Sitnic, Adnan"]
[Black "Lyaskovsky, Valentin"]
[Result "0-1"]
[WhiteElo "1920"]
[BlackElo "2257"]
[PlyCount "76"]
[EventDate "2008.09.15"]
[EventType "swiss"]
[EventRounds "9"]
[Source "lmi"]
[SourceDate "2008.09.15"]

1. Nf3 c5 2. g3 Nc6 3. Bg2 e5 4. d3 g6 5. b3 Bg7 6. Bb2 Nge7 7. c4 O-O 8. Nc3
f5 9. Qd2 d6 10. O-O h6 11. e3 Be6 12. Rfe1 Bf7 13. h4 Qd7 14. Na4 b6 15. d4 e4
16. Nh2 cxd4 17. exd4 d5 18. cxd5 Nxd5 19. Nf1 Ndb4 20. Ba3 Qxd4 21. Rac1 Qxd2
22. Nxd2 Rfd8 23. Nxe4 fxe4 24. Rxe4 Bd5 25. Bxb4 Bxe4 26. Rxc6 Bxc6 27. Bxc6
Rac8 28. Bb5 Rc1+ 29. Kg2 Rc2 30. a3 Bd4 31. Kh3 Kg7 32. f3 h5 33. Ba6 Re8 34.
Bd6 Re3 35. Bb7 b5 36. Be4 Rxe4 37. fxe4 bxa4 38. bxa4 Re2 0-1

[Event "Europa ch s-16"]
[Site "Herceg Novi MNE"]
[Date "2008.09.16"]
[Round "2.32"]
[White "Larmuseau, Michiel"]
[Black "Firat, Burak"]
[Result "0-1"]
[WhiteElo "1979"]
[BlackElo "2219"]
[PlyCount "74"]
[EventDate "2008.09.15"]
[EventType "swiss"]
[EventRounds "9"]
[Source "lmi"]
[SourceDate "2008.09.15"]

1. e4 c5 2. Nc3 a6 3. a4 e6 4. f4 d5 5. d3 Nc6 6. g3 dxe4 7. Nxe4 Nh6 8. Nf3
Nf5 9. Bd2 b6 10. Bg2 Bb7 11. O-O Be7 12. Re1 O-O 13. Bc3 Qc7 14. Ne5 Rad8 15.
Nxc6 Bxc6 16. Be5 Qb7 17. Bh3 c4 18. Nf2 cxd3 19. Nxd3 b5 20. Qe2 Rxd3 21. Qxd3
Rd8 22. Bxf5 Rxd3 23. Bxd3 Bh1 24. Re2 Bc5+ 25. Kf1 Bf3 26. Rf2 Bg4 27. Ke1
Bxf2+ 28. Kxf2 Qf3+ 29. Kg1 Qe3+ 30. Kg2 Qd2+ 31. Kg1 Bf3 32. Kf1 Qg2+ 33. Ke1
Qg1+ 34. Kd2 Qxa1 35. axb5 axb5 36. Ke3 Bc6 37. f5 Qg1+ 0-1

[Event "Europa ch s-16"]
[Site "Herceg Novi MNE"]
[Date "2008.09.16"]
[Round "2.33"]
[White "Stella, Andrea"]
[Black "Bolychevsky, Alexander"]
[Result "1-0"]
[WhiteElo "2209"]
[BlackElo "1807"]
[PlyCount "71"]
[EventDate "2008.09.15"]
[EventType "swiss"]
[EventRounds "9"]
[Source "lmi"]
[SourceDate "2008.09.15"]

1. d4 d5 2. c4 c6 3. Nc3 dxc4 4. e4 b5 5. a4 b4 6. Na2 e5 7. Nf3 exd4 8. Bxc4
c5 9. Bd5 Be6 10. Bxa8 b3 11. Nb4 cxb4 12. Nxd4 Bc5 13. Nxe6 Qxd1+ 14. Kxd1
fxe6 15. Ke2 Nf6 16. e5 Nfd7 17. f4 O-O 18. a5 Na6 19. Bc6 Ndb8 20. Bb7 Rd8 21.
Bxa6 Nxa6 22. Be3 Bxe3 23. Kxe3 Nc7 24. Rac1 Nd5+ 25. Ke4 Kf7 26. Rhf1 g6 27.
Rf3 Kg7 28. Rxb3 Rb8 29. Rc6 Kf7 30. Rd3 h5 31. Rxd5 exd5+ 32. Kxd5 Rb7 33. Kd6
Rb5 34. Rc5 Rb8 35. Rc7+ Ke8 36. Rh7 1-0